With Aurobindo in Baroda (Record no. 6862)

MARC details
000 -LEADER
fixed length control field 00781 a2200205 4500
005 - DATE AND TIME OF LATEST TRANSACTION
control field 2008090804584.0
008 - FIXED-LENGTH DATA ELEMENTS--GENERAL INFORMATION
fixed length control field 080908t xxu||||| |||| 00| 0 eng d
010 ## - LIBRARY OF CONGRESS CONTROL NUMBER
LC control number ENG-87693
020 ## - INTERNATIONAL STANDARD BOOK NUMBER
International Standard Book Number 8170588308
Terms of availability 28.00
035 ## - SYSTEM CONTROL NUMBER
System control number EN-71226
037 ## - SOURCE OF ACQUISITION
Source of stock number/acquisition DBAD / PUB
082 ## - DEWEY DECIMAL CLASSIFICATION NUMBER
Classification number 181.499
100 ## - MAIN ENTRY--PERSONAL NAME
Personal name Roy, Dinendra Kumar
245 ## - TITLE STATEMENT
Title With Aurobindo in Baroda
Statement of responsibility, etc by Dinendra Kumar Rao
260 ## - PUBLICATION, DISTRIBUTION, ETC. (IMPRINT)
Place of publication, distribution, etc Pondicherry
Name of publisher, distributor, etc Sri Aurbindo Ashram
Date of publication, distribution, etc 2006
270 ## - ADDRESS
Address Sri Aurbindo Ashram, Publication Department
City Pondicherry
Postal code 605002
300 ## - PHYSICAL DESCRIPTION
Extent 66 p.
Dimensions 18 cm (Pbk.)
942 ## - ADDED ENTRY ELEMENTS (KOHA)
Institution code [OBSOLETE] dpl
Koha item type English Books
Call number prefix 181.499/ROY
Source of classification or shelving scheme Dewey Decimal Classification
Classification part 181.499
Call number suffix ROY
Holdings
Withdrawn status Lost status Damaged status Not for loan Collection code Home library Current library Date acquired Cost, normal purchase price Total Checkouts Full call number Barcode Date last seen Copy number Uniform Resource Identifier Cost, replacement price Price effective from Koha item type
      Not For Loan Non-fiction D.B.Act.Division D.B.Act.Division 08/09/2008 28.00   181.499 ROY EN-71226 15/09/2008 1 7366 28.00 15/09/2008 English Books

© Delhi Public Library
Hit Counter
free hit counter